header

C.P. Snow's Strangers and brothers as mid-twentieth-century history (Record no. 121784)

MARC details
000 -LEADER
fixed length control field 01592nam a2200361 a 4500
082 04 - DEWEY DECIMAL CLASSIFICATION NUMBER
Classification number 823/.912
100 1# - MAIN ENTRY--AUTHOR NAME
Personal name Lewis, Terrance L.,
245 10 - TITLE STATEMENT
Title C.P. Snow's Strangers and brothers as mid-twentieth-century history
260 ## - PUBLICATION, DISTRIBUTION, ETC. (IMPRINT)
Place of publication New York :
Name of publisher Peter Lang,
Year of publication c2009.
300 ## - PHYSICAL DESCRIPTION
Number of Pages xiv, 204 p.
490 1# - SERIES STATEMENT
Series statement American university studies. Series IV, English language and literature,
650 #0 - SUBJECT ADDED ENTRY--TOPICAL TERM
Topical Term Literature and history.
856 40 - ELECTRONIC LOCATION AND ACCESS
Uniform Resource Identifier http://site.ebrary.com/lib/rucke/Doc?id=10517023

No items available.

© 2026 Rongo University
Contact us: librarian | system librarian | Rongo university